| 000 | 00438nam a2200181Ia 4500 | ||
|---|---|---|---|
| 003 | GCL | ||
| 005 | 20240530100920.0 | ||
| 008 | 140319s9999 xx 000 0 eng d | ||
| 040 |
_aGCL / _cGCL |
||
| 082 | 0 | 4 |
_a770 _bR A |
| 100 | 1 | _aRAO, NGUYEN | |
| 245 | 1 | 0 |
_aA B C DE LA PHOTO / _cRAO, NGUYEN |
| 260 |
_a[S.N] : _bMARABOUT UNIVERSITE ، _c1992 |
||
| 300 | _a343 P | ||
| 650 | 0 | 4 | _aCAMERAS |
| 650 | 0 | 4 | _aPHOTOGRAPHY |
| 942 |
_2ddc _cBK |
||
| 999 |
_c22495 _d22495 |
||